Apuntes sobre jurisprudencia tributaria

Guardado en:
Detalles Bibliográficos
Autor principal: Lorenzo, Armando
Otros Autores: Cavalli, César M.
Formato: Desconocido
Aporte de:Registro referencial: Solicitar el recurso aquí
LEADER 00357 a2200121 4500
001 ART_8570
005 20260410161640.0
008 260409a
245 1 0 |a Apuntes sobre jurisprudencia tributaria 
100 1 |a Lorenzo, Armando 
700 1 |a Cavalli, César M. 
773 0 |t Consultor tributario  |g - Vol. 4, Nº 40 (jun. 2010)  |w REV474 
999 |c 13280  |d 13280